Industrial inorganic analysis (Record no. 19325)

MARC details
000 -LEADER
fixed length control field 00280nam a2200109Ia 4500
082 ## - DEWEY DECIMAL CLASSIFICATION NUMBER
Classification number 66:543
Item number YOU
100 ## - MAIN ENTRY--AUTHOR NAME
Personal name Young, Roland S
245 #0 - TITLE STATEMENT
Title Industrial inorganic analysis
260 ## - PUBLICATION, DISTRIBUTION, ETC. (IMPRINT)
Place of publication London
Name of publisher Chapman and Hall
Year of publication 1953
942 ## - ADDED ENTRY ELEMENTS (KOHA)
Koha item type Books
Holdings
Withdrawn status Lost status Damaged status Not for loan Home library Current library Date acquired Full call number Accession Number Koha item type
        RRII Library RRII Library 16/12/2021 66:543 YOU 00063 Books